000 01018nab a22002057a 4500
999 _c5763
_d5763
003 OSt
005 20260105152022.0
008 190514b xxu||||| |||| 00| 0 spa d
040 _cPJ
100 _96678
_aPortillo, Claudia E.
245 1 3 _aLas cosas por su nombre :
_bel poder transformador de las sentencias /
_cClaudia E. Portillo.
300 _ap. 186-195
500 _aCita: TR LALEY AR/DOC/873/2025.
505 _aSumario: I. La sentencia.— II. La autonomía de la voluntad y sus límites.— III. Falso SAP.— IV. Función judicial en el marco de un pedido de homologación.— V. Conclusiones.
505 _tFallo comentado: TColeg. Familia Nro. 3, Santa Fe ~ 01/11/2024 ~ P., N. R. c. B., J. M. s/ homologaciones de acuerdos.
650 0 _9967
_aDERECHO DE FAMILIA
650 0 _91057
_aJURISPRUDENCIA APLICABLE
773 0 _02844
_93222
_dBuenos Aires : AbeledoPerrot, 1989-
_tDerecho de familia. Revista Interdisciplinaria de doctrina y jurisprudencia. Junio 2025-III.
_z18511201
942 _2udc
_cANA